The Batman Project - Statistics

General Stats
  • This quiz has been taken 28 times
  • The average score is 8 of 12
Answer Stats
Picture Answer % Correct
Bane
100%
The Penguin
100%
Two-Face
100%
Man-Bat
88%
Firefly
73%
Hush
73%
Black Mask
69%
Carmine Falcone
65%
Salvatore Maroni
46%
Max Schrek
35%
Rupert Thorne
23%
Roland Daggett
19%
No matching quizzes found
Score Distribution
Percent of People with Each Score
Percentile by Number Answered
Your Score History
You have not taken this quiz